NETWORK PULS CERTIFICATION 2NDRD TRAINING KIT (Record no. 320287)

MARC details
000 -LEADER
fixed length control field 00261nam a2200097Ia 4500
008 - FIXED-LENGTH DATA ELEMENTS--GENERAL INFORMATION
fixed length control field 230508s2004 xx 000 0 und d
041 ## - LANGUAGE CODE
Language code of text/sound track or separate title eng
100 ## - MAIN ENTRY--PERSONAL NAME
Personal name MICROSOFT
245 ## - TITLE STATEMENT
Title NETWORK PULS CERTIFICATION 2NDRD TRAINING KIT
260 ## - PUBLICATION, DISTRIBUTION, ETC.
Name of publisher, distributor, etc. PRENTICE HALL OF IND
Date of publication, distribution, etc. 2004
Holdings
Withdrawn status Lost status Damaged status Not for loan Home library Current library Date acquired Cost, normal purchase price Total Checkouts Barcode Date last seen Date last checked out Price effective from Koha item type
        Jawaharlal Nehru Institute of Technology(Poly), Pune Jawaharlal Nehru Institute of Technology(Poly), Pune 09/05/2023 695.00 1 ITP-17322 09/05/2024 16/04/2024 09/05/2023 Book